000 00946nam a2200229Ia 4500
001 8291
003 GE_BSU
008 181216s||||||||xx |||||||||||||| ||und||
040 _cGE_BSU
080 _a693.002.5(042.4)
100 _aშაფაქიძე,ე. სარჯველაძე, ნ.
245 _aსამშენებლო მანქანები
245 _bსალექციო კურსი,მეთოდ.მითითებები პრაქტ.სამუშ–ს შესასრულებლად,საგამოცდო ტესტები
245 _cრედ. დ.ნატროშვილი ი. ძმანაშვილი
260 _aთბილისი
260 _bპოლიგრაფი
260 _c2010
300 _a229გვ.28სმ.
541 _h20ლ.
653 _aსამშენებლო მანქანები
942 _cBK
999 _c41622
_d41622